| 000 | 00999nam a2200289 i 4500 | ||
|---|---|---|---|
| 001 | bg | ||
| 100 | 1 | _aSROKA, Jacek | |
| 245 | 1 | 0 |
_aPolityka organizacji pracodawców i przedsiębiorców / _cJacek Sroka. |
| 260 |
_aWrocław : _bWydaw. Uniwersytetu Wrocławskiego, _c2004. |
||
| 300 |
_a269 s. ; _c24 cm. |
||
| 490 | 1 |
_aActa Universitatis Wratislaviensis, _x0239-6661 ; _vno 2645 |
|
| 500 | _aStreszcz. ang. | ||
| 504 | _aBibliogr. | ||
| 650 | 9 |
_aPracodawcy _xorganizacje _xpolityka |
|
| 650 | 9 |
_aPracodawcy _xorganizacje _xsocjologia |
|
| 650 | 9 |
_aPrzedsiębiorcy _xorganizacje _xpolityka |
|
| 650 | 9 |
_aPrzedsiębiorcy _xorganizacje _xsocjologia |
|
| 830 |
_aActa Universitatis Wratislaviensis, _x0239-6661 ; |
||
| 020 | _a8322924992 | ||
| 040 | _cBPK | ||
| 041 | 0 |
_apol _beng |
|
| 080 | _a331.105.42:334.786:316.354 | ||
| 920 | _a83-229-2499-2 | ||
| 942 | _cKS | ||
| 008 | s pl f |000 0 pol | ||
| 999 |
_c45774 _d45774 |
||
| 856 |
_uhttp://koha.tu.koszalin.pl/cgi-bin/koha/opac-detail.pl?biblionumber=45774 _yKatalog online BPK |
||